000 00869nam a2200253 i 4500
001 136458
003 ES-MaACL
005 20251013063115.0
007 t|
008 070214s1973 sp r ||||1| spa d
017 _aB 26158-1973
_bOficina Depósito Legal Barcelona
020 _a8401310431
040 _cES-MaACL
100 1 _aSadoul, Jacques
_9101288
_eaut
245 1 3 _aEl enigma del zodíaco /
_cJacques Sadoul ; traducción de Rosa María Bassols.
250 _aPrimera edición
260 _aBarcelona :
_bPlaza & Janés,
_c1973.
300 _a293 páginas :
_bilustrado blanco y negro ;
_c22 cm.
700 1 _aBassols, Rosa María
_926334
_etrl
852 _aES-MaACL
_jC-53862
_bR.86908
_9141391
_cDEPO2
_xEncuadernación cartoné
942 _cMONOGRAFIA
_n0
999 _c136458
_d136458